000
00320nam a22001457a 4500
008
221012b ||||| |||| 00| 0 eng d
020
_a
9781584263708
041
_a
eng
080
_a
610.73
082
_a
610.73 BAT
100
_a
9
101
_a
INF
245
_a
CLINICAL CODING WORKOUT
_c
BATRES J
942
_2
udc
_c
BK
999
_c
58502
_d
58502